| 000 | 01220nam a2200337 i 4500 | ||
|---|---|---|---|
| 003 | EG-GICUC | ||
| 005 | 20260121164245.0 | ||
| 008 | 251119s2004 ua ||||f |||| 00| 0 ara d | ||
| 017 | _a2004-570 | ||
| 020 | _a9947-0-0075-3 | ||
| 040 |
_a EG-GICUC _bara _c EG-GICUC _d EG-GICUC _erda |
||
| 041 | _aara | ||
| 082 | 0 | 4 |
_221 _a345 _bن ا . ق |
| 092 | 0 | 4 | _221 |
| 099 | _aLaw1 07 345 ن ا . ق 1 ed - 2004 | ||
| 100 | 0 |
_aناصر لباد _eمؤلف. |
|
| 245 |
_aالقانون الإداري . _nالجزء الثاني , _pالنشاط الإداري / _cدكتور ناصر لباد |
||
| 250 | _aالطبعة الاولي | ||
| 264 |
_aالجزائر : _bمطبعة sarp , _c2004. |
||
| 300 |
_a470 صفحة _c24 سم |
||
| 336 |
_2rda content _atext |
||
| 337 |
_2rda media _aComputer |
||
| 338 |
_2rda carrier _aOnline Resource |
||
| 504 | _a. 459-452ببليوجرافيا: صفحات. | ||
| 546 | _aالنص أغلبه باللغة العربية بعض النصوص الإنجليزية والفرنسية | ||
| 650 | 1 |
_aالقانون الإداري _2qrmak |
|
| 651 | 1 | _2qrmak | |
| 856 | 4 | 0 | _uhttps://fll.law.cu.edu.eg/fulltext/bks/B07-01031.pdf |
| 905 |
_a74 _eYara |
||
| 942 |
_2ddc _n0 _cBK _e21 |
||
| 999 |
_c44751 _d44751 |
||